000 02076cam a22005054i 4500
003 PE-LiUPU
005 20250731165511.0
008 180205s2014 sp a r 001 0 spa d
020 _a9788447215584
035 _a(Sirsi) a241182
040 _aPE-LiUPU
_bspa
_cPE-LiUPU
_erda
049 _aPRUA
082 0 4 _a004.65
_bM26
_220
100 1 _aMartín Montes, Antonio,
_eautor.
245 1 0 _aArquitecturas inteligentes para la gestión de redes de comunicaciones /
_cAntonio Martín Montes, Carlos León de Mora.
264 1 _aSevilla :
_bSecretariado de Publicaciones de la Universidad de Sevilla ,
_c2014.
300 _a267 páginas :
_bilustraciones ;
_c24 centímetros.
336 _atext
_2rdacontent
337 _aunmediated
_2rdamedia
338 _avolume
_2rdacarrier
490 0 _aIngeniería :
_v17
504 _aÍndice : páginas 265-267.
505 0 _aIntroducción -- La gestión de redes -- El modelo de gestión OSI -- Estructura de la información de gestión OSI -- GDMO, guía para la definición de objetos gestionados -- El modelo de gestión TMN -- El modelo de gestión internet -- La inteligencia artificial y los sistemas expertos -- Elementos que componen un sistema experto -- Sistemas expertos y la gestión de redes -- Aplicaciones inteligentes en la gestión de redes.
526 _aSEG44
526 _aSEG26
526 _aP151
526 _aP150
526 _aP149
526 _aP146
526 _aP145
526 _aP126
526 _aP125
526 _aP92
526 _aP75
526 _aP74
526 _aP27
526 _aP15
541 _g001-0042353;
650 1 7 _aArquitectura de redes informáticas
_2embne
910 _adbm
_bncf
_cncf
_d20180205
942 _2ddc
_cBOOK
994 _aC0
_bPEPRU
596 _a1
999 _a004.65 M26
_wDEWEY
_c26820
_i78286
_f2021-11-9
_g4
_lCCODEBUL1
_mBUL
_p26.38
_r0
_sY
_tBOOK
_u2018-2-5
_xINGENIERIA
_PP27
_0COMPRA
_o.STAFF. Colección Ingeniería y Arquitectura
_d26820
980 _81
_gALBERTO SANCHEZ Responsable de Automatización